| 000 | 01180nac a22002891i 4500 | ||
|---|---|---|---|
| 003 | EG-ScBUE | ||
| 005 | 20250526090745.0 | ||
| 008 | 250410t1974 enka f b 001 0 eng d | ||
| 020 | _a0245520236 | ||
| 040 |
_aEG-ScBUE _beng _erda _cEG-ScBUE _dEG-ScBUE |
||
| 082 | 0 | 4 |
_a530.141 _bZAK _222 |
| 100 | 1 |
_aZaky, A. A., _eauthor. |
|
| 245 | 1 | 0 |
_aFundamentals of electromagnetic field theory / _cA. A. Zaky, B.Sc., M.S., Ph.D., M.Inst.P., C.Eng., M.I.E.E., professor of electrical engineering, Alexandria, Egypt and R. Hawley, B.Sc., Ph.D., F.Inst.P., C.Eng., F.I.E.E., director and chief electrical engineering, C.A. parsons & Co. Ltd, Newcastle upon Tyne. |
| 250 | _aFirst edition. | ||
| 264 | 1 |
_aLondon : _bHarrap, _c1974. |
|
| 300 |
_axv, 484 pages : _billustrations ; _c23 cm. |
||
| 336 |
_2rdacontent _atext _btxt |
||
| 337 |
_aunmediated _2rdamedia _bn |
||
| 338 |
_avolume _bnc _2rdacarrier |
||
| 490 | 0 | _aEngineering science monographs | |
| 500 | _aIncludes Appendices. | ||
| 504 | _aIncludes bibliographical references and index. | ||
| 650 | 7 |
_aElectromagnetic fields. _2BUEsh |
|
| 655 | _vReading book | ||
| 700 | 1 |
_aHawley, R. _q(Robert), _eauthor. |
|
| 942 |
_cBB _2ddc |
||
| 999 |
_c9360 _d9360 |
||